Statistics for Groups of Six Quiz #1

Click here to take the quiz!

General Stats

  • This quiz has been taken 75,651 times
    (32,252 since last reset)
  • The average score is 33 of 54

Answer Stats

Group Answer % Correct
Chess PiecesKing
95%
Chess PiecesQueen
95%
Original EU MembersGermany
92%
Original EU MembersFrance
92%
Largest Cat SpeciesLion
87%
Largest Cat SpeciesTiger
87%
Original EU MembersItaly
85%
Chess PiecesPawn
84%
Chess PiecesKnight
82%
Chess PiecesBishop
79%
Largest Cat SpeciesLeopard
78%
Friends CharactersJoey
77%
Chess PiecesRook
76%
Original EU MembersBelgium
76%
Friends CharactersRoss
75%
Friends CharactersRachel
74%
Friends CharactersPhoebe
74%
Friends CharactersChandler
73%
Friends CharactersMonica
72%
New England StatesMaine
71%
Original EU MembersNetherlands
71%
New England StatesRhode Island
67%
Largest Cat SpeciesCheetah
66%
New England StatesVermont
66%
New England StatesNew Hampshire
66%
New England StatesMassachusetts
65%
Original NHL teamsNew York Rangers
63%
New England StatesConnecticut
62%
Largest Cat SpeciesCougar
62%
Biggest European AirlinesBritish Airways / Iberia
60%
Actors who Played Batman in FilmChristian Bale
58%
Largest Cat SpeciesJaguar
58%
Village People CharactersPolice Officer
56%
Village People CharactersNative American
56%
Original EU MembersLuxembourg
55%
Biggest European AirlinesLufthansa
54%
Biggest European AirlinesAir France / KLM
53%
Actors who Played Batman in FilmGeorge Clooney
52%
Actors who Played Batman in FilmBen Affleck
49%
Village People CharactersConstruction Worker
47%
Actors who Played Batman in FilmMichael Keaton
44%
Actors who Played Batman in FilmAdam West
42%
Original NHL teamsBoston Bruins
42%
Original NHL teamsChicago Blackhawks
39%
Actors who Played Batman in FilmVal Kilmer
38%
Original NHL teamsToronto Maple Leafs
38%
Biggest European AirlinesRyanair
35%
Original NHL teamsMontreal Canadiens
34%
Original NHL teamsDetroit Red Wings
34%
Village People CharactersCowboy
30%
Village People CharactersGI
25%
Biggest European AirlineseasyJet
24%
Village People CharactersBiker
17%
Biggest European AirlinesTurkish Airlines
13%

Score Distribution

Percentile by Number Answered

Percent of People with Each Score

Your Score History

You have not taken this quiz since the last reset